[Event "US Open-113"]
[Site "Vancouver"]
[Date "2012.08.08"]
[Round "3"]
[White "He, Anthony B"]
[Black "Alpernas, Gregori Z"]
[Result "1/2-1/2"]
[WhiteElo "1513"]
[BlackElo "1880"]
[PlyCount "78"]
[EventDate "2012.08.04"]
[EventType "swiss"]
[EventRounds "9"]
[EventCountry "USA"]
[SourceTitle "CBM 149 Extra"]
[Source "ChessBase"]
[SourceDate "2012.08.24"]
[SourceVersion "1"]
[SourceVersionDate "2012.08.24"]
[SourceQuality "1"]

1. e4 e5 2. Nf3 d6 3. d4 exd4 4. Nxd4 Nf6 5. Nc3 Be7 6. Be2 0-0 7. Be3 Nbd7 8. 0-0 Nc5 9. Bd3 Ng4 10. Bf4 Bf6 11. Nb3 Nxb3 12. axb3 Be5 13. Bxe5 dxe5 14. h3 Nf6 15. Qd2 Nh5 16. Ne2 Qh4 17. Qe3 a6 18. Qc5 Qf6 19. Qxc7 Nf4 20. Nxf4 exf4 21. Qc3 Qg5 22. Be2 Bd7 23. Qf3 Bc6 24. Rfe1 Rae8 25. Bd3 Re5 26. Qg4 Qf6 27. c3 Rg5 28. Qd1 f3 29. g3 Rxg3+ 30. fxg3 f2+ 31. Kh2 fxe1Q 32. Qxe1 Qf3 33. Rd1 Re8 34. Rd2 g6 35. Qe2 Bxe4 36. Bxe4 Qxe4 37. Qf2 Qc6 38. Re2 Rxe2 39. Qxe2 Qd5 1/2-1/2